Waste Not (Record no. 117458)

MARC details
000 -LEADER
fixed length control field 00895cam a2200217 4500
001 - CONTROL NUMBER
control field X126391
008 - FIXED-LENGTH DATA ELEMENTS--GENERAL INFORMATION
fixed length control field 040602n2004 000 0 eng u
035 ## - SYSTEM CONTROL NUMBER
System control number (Sirsi) u126391
100 ## - MAIN ENTRY--PERSONAL NAME
Personal name Elliot, T.
245 ## - TITLE STATEMENT
Title Waste Not
260 ## - PUBLICATION, DISTRIBUTION, ETC.
Date of publication, distribution, etc. 2004
490 ## - SERIES STATEMENT
Series statement Premises and Facilities Management
Volume/sequential designation May 2004, 30(1)
520 ## - SUMMARY, ETC.
Summary, etc. Gives details of a new recycling service, The Green Package that professionally decommissions and removes redundant offfice equipment and redistributes it to community groups and business start-ups. It focuses on the recycling rather than disposal of items. Green Package is a three way partnership between Harrow Green, Technical Asset Management MM and Green Works.
590 ## - LOCAL NOTE (RLIN)
Local note ABS
590 ## - LOCAL NOTE (RLIN)
Local note ABS
650 ## - SUBJECT ADDED ENTRY--TOPICAL TERM
Topical term or geographic name entry element RECYCLING
650 ## - SUBJECT ADDED ENTRY--TOPICAL TERM
Topical term or geographic name entry element FACILITIES MANAGEMENT
9 (RLIN) 6240
650 ## - SUBJECT ADDED ENTRY--TOPICAL TERM
Topical term or geographic name entry element SUSTAINABLE WASTE MANAGEMENT
690 ## - LOCAL SUBJECT ADDED ENTRY--TOPICAL TERM (OCLC, RLIN)
Topical term or geographic name as entry element WASTE MANAGEMENT
942 ## - ADDED ENTRY ELEMENTS (KOHA)
Suppress in OPAC 0
Holdings
Withdrawn status Lost status Source of classification or shelving scheme Damaged status Not for loan Home library Current library Shelving location Date acquired Total Checkouts Full call number Barcode Date last seen Copy number Price effective from Koha item type
    Dewey Decimal Classification     London London Journal article 02/06/2004   X126391 126391-1001 06/08/2019 1 06/08/2019 Journal article